| 000 | 00729nam a22002177a 4500 | ||
|---|---|---|---|
| 999 |
_c6306 _d6306 |
||
| 003 | AR-CdUCM | ||
| 008 | 190314b ||||| |||| 00| 0 spa d | ||
| 020 | _a978-958-8096-48-3 | ||
| 040 |
_aMUNICIPALIDAD PROVINCIAL DEL CUSCO _cBIBLIOTECA MUNICIPAL DEL CUSCO |
||
| 082 |
_a801.951 / _bV468 |
||
| 100 |
_aVentura, Bella Clara _918072 |
||
| 245 | _aAtisbos de luz / | ||
| 260 |
_aBogotá : _bEditorial gente nueva, _c2007. |
||
| 300 |
_a111 páginas ; _c21 cm. |
||
| 505 | _aContenido: Juego de luces -- Miradas -- Voz -- Dogal de luz -- Cadenas -- Pecados capitales -- Verbena... | ||
| 650 |
_aPoemas colonbianos _918073 |
||
| 650 |
_aBogotá _918074 |
||
| 650 |
_aEnciclopedia _918075 |
||
| 942 |
_2ddc _cLIBROS |
||
| 945 | _adavv | ||